00322nam a2200133Ia 4500100003400000650001900034366000700053654001900060245003100079260003400110082001300144300000800157546002300165 aRussell/ Lynn D/ Adebiyi/G.A  aThermodynamics f25 athermodynamics aEngineering thermodynamics bOxford Higher Educationc2007 a536bRUS a734 aENGLISHcInfo.Tech